Directorium chori ad usum omnium ecclesiarum in quibus officium divinum juxta ritum S. Romanae ecclesiae cantari solent.

Detalles Bibliográficos
Formato: Libro
Publicado: Roma 1899
Materias:
Colección:Banco de datos
Acervo:Biblioteca del Convento de Santa Mónica de la Ciudad de Puebla. Puebla
Tema general:Liturgia
Notas:Regular. A3, 17.
LEADER 00663nam a22001810004500
035 |a 51466 
036 |a 1234 
245 1 0 |a Directorium chori ad usum omnium ecclesiarum in quibus officium divinum juxta ritum S. Romanae ecclesiae cantari solent. 
260 |a Roma  |b imp. Santos ritos de la Congregación.  |c 1899 
500 |a Regular. A3, 17. 
650 1 0 |a Liturgia 
949 |a CRP 
959 |a Ex convento de Santa Mónica. Puebla, Puebla  |b CCC5 
960 |a Convento de Santa Mónica de la ciudad de Puebla  |b DD88 
961 |a Franciscana  |b OF 
942 |c CRP-SM 
943 |g Biblioteca del Convento de Santa Mónica de la Ciudad de Puebla. Puebla 
999 |c 961804  |d 961804